000 00704nam a22001817a 4500
003 OSt
005 20260321133513.0
008 260321b |||||||| |||| 00| 0 eng d
040 _c0
082 _aDPer 372.21 C437 January-December 2024 v.100 n.1-6
100 _aMuliwana, Maimbolwa.
_eauthor.
_970044
245 _aTransformative Literacy Proficiency /
_cMaimbolwa Muliwana
260 _aWashington D.C., USA
_bRoutledge Taylor & Francis Group
_cSeptember-October 2024
300 _aVolume 100, Pages 30-35 :
_billustration ;
_c27cm.
500 _aChildhood Education Innovations, Vol.100, No. 5, Pages 30-35, September-OCtober 2024
700 _aMuliwana, Maimbolwa.
_eauthor.
_970044
942 _2ddc
_cPER
999 _c24439
_d24439